Yerel yönetimler için anımsatmalar (Record no. 8131)

MARC details
000 -BAŞLIK
Sabit Uzunlukta Kontrol Alanı 00779na a2200265 4500
001 - KONTROL NUMARASI
Denetim Alanı 15256
003 - KONTROL NUMARASI IDENTIFIER
Denetim Alanı MIRAKIL
005 - SON İŞLEM TARİHİ VE ZAMANI
Denetim Alanı 20181213155201.0
008 - SABİT-BOY VERİ ELEMANLARI - GENEL BİLGİLER
Sabit Uzunlukta Kontrol Alanı 161005b tu 000 0
035 ## - SİSTEM KONTROL NUMARASI
Sistem Kontrol Numarası 15256
040 ## - KATALOGLAMA KAYNAK
Orijinal Kataloglama Ajansı Milas
Kataloglama Dili tur
Metne Dönüştürmek Ajansı TR-AnCHP
082 ## - DEWEY ONLU SINIFLANDIRMA NUMARASI
Sınıflandırma Numarası CHP 352.0093
Ürün Numarası C85 2005
090 ## - SINIFLAMA NUMARASI
Sınıflama Numarası CHP 352.0093 C85 2005
110 ## - ANA GİRİŞ - KURUMSAL ADI
Giriş Elemanı Olarak Kurumsal Ad Veya Yargı Alanı Adı Cumhuriyet Halk Partisi
245 ## - BAŞLIK TABLOSU
Başlık Yerel yönetimler için anımsatmalar
Sorumluluk Tablosu, Vb CHP yerel yönetimler
260 ## - YAYIN, DAĞITIM, VB
Yayın, Dağıtım, Vb Yeri Ankara
Yayıncı, Dağıtıcı, Vs Adı [Başak Matbaacılık]
Yayın, Dağıtım, Vb Tarihi 2005
300 ## - FİZİKSEL TANIM
Kapsam 184 s.
Diğer Fiziksel Ayrıntıları tbl.
Boyutlar 23 sm.
650 ## - KONU KATMA GİRİŞ - TOPİKAL DÖNEM
Topikal Süreli Veya Coğrafi Ad Giriş Elemanı CHP
Genel Alt Bölümü Yerel yönetimler
Kronolojik Alt Bölümü Tarih
650 ## - KONU KATMA GİRİŞ - TOPİKAL DÖNEM
Topikal Süreli Veya Coğrafi Ad Giriş Elemanı Yerel yönetimler
Genel Alt Bölümü Tarih
Kronolojik Alt Bölümü Temel bilgiler
650 ## - KONU KATMA GİRİŞ - TOPİKAL DÖNEM
Topikal Süreli Veya Coğrafi Ad Giriş Elemanı Siyasal partiler
Coğrafi Alt Bölümü Türkiye
700 ## - KATMA GİRİŞ - KİŞİSEL İSİM
Kişisel Ad
710 ## - KATMA GİRİŞ - KURUMSAL ADI
Giriş Elemanı Olarak Kurumsal Ad Veya Yargı Alanı Adı Cumhuriyet Halk Partisi
830 ## - SERİSİ EKLENDİ GİRİŞ - ÜNİFORM ADI
Üniforma Başlık CHP Yayınları
942 ## - EKLENDİ GİRİŞ ELEMANLARI (KOHA)
Sınıflandırma Veya Raf Düzeni Kaynak Dewey Decimal Classification
Koha Öğesi Türü Books
999 ## - SİSTEM KONTROL NUMARALARI (KOHA)
Koha Biblionumber 8131
Koha Biblioitemnumber 8131
Holdings
Kalıcı Konum Mevcut Konum Edinme Tarihi Edinim Kaynak Toplam Check-Out'Lar Tam Çağrı Numarası Barkod Tarih Son Görülme İtibaren Geçerli Fiyatlar Koha Öğesi Türü Kopya Sayısı
CHP Kütüphanesi CHP Kütüphanesi 09/07/2016 Bağış   CHP 352.0093 C85 2005 003306 09/07/2016 09/07/2016 Books  
CHP Kütüphanesi CHP Kütüphanesi 09/07/2016 Bağış   CHP 352.0093 C85 2005 003307 09/07/2016 09/07/2016 Books k.2
CHP Kütüphanesi CHP Kütüphanesi 09/07/2016 Bağış   CHP 352.0093 C85 2005 003308 09/07/2016 09/07/2016 Books k.3
CHP Kütüphanesi CHP Kütüphanesi 09/07/2016 Bağış   CHP 352.0093 C85 2005 003309 09/07/2016 09/07/2016 Books k.4
CHP Kütüphanesi CHP Kütüphanesi 09/07/2016 Bağış   CHP 352.0093 C85 2005 003310 09/07/2016 09/07/2016 Books k.5